Implementácia rámcovej smernice o vode v Slovenskej republike
Rámcová smernice o vode (2000) bola na Slovensku implementovaná prijatím nového Zákona č. 364/2004 Z.z. o vodách, ktorý v plnej miere preberá všetky právne akty, vrátane 15 smerníc európskych spoločenstiev a európskej únie na úseku vôd. Ciele RSV. Harmonogram plnenia čiastkových úloh RSV. Organizačn...
Gespeichert in:
| 1. Verfasser: | |
|---|---|
| Format: | Buchkapitel |
| Sprache: | Slowakisch |
| Schlagworte: | |
| Tags: |
Keine Tags, Fügen Sie das erste Tag hinzu!
|
MARC
| LEADER | 00000naa$a2200000$$$4500 | ||
|---|---|---|---|
| 001 | 0053320 | ||
| 005 | 20230810111855.7 | ||
| 041 | 0 | |a slo | |
| 044 | |a SK | ||
| 245 | 1 | 0 | |a Implementácia rámcovej smernice o vode v Slovenskej republike |c Anton Kollár |
| 520 | |a Rámcová smernice o vode (2000) bola na Slovensku implementovaná prijatím nového Zákona č. 364/2004 Z.z. o vodách, ktorý v plnej miere preberá všetky právne akty, vrátane 15 smerníc európskych spoločenstiev a európskej únie na úseku vôd. Ciele RSV. Harmonogram plnenia čiastkových úloh RSV. Organizačná štruktúra na implementáciu RSV. Implementácia RSV na úrovni Medzinárodného povodia Dunaja, na národnej úrovni. Súčasný stav implementácie RSV. Dokumenty. | ||
| 610 | 2 | 0 | |a voda |
| 610 | 2 | 0 | |a smernice |
| 610 | 2 | 0 | |a Európska únia |
| 610 | 2 | 0 | |a Slovensko |
| 100 | 1 | |a Kollár, Anton | |